| 000 | 01709nam0a2200421 4500 | ||
|---|---|---|---|
| 001 | RU\NLR\bibl\389982 | ||
| 005 | 20250622160311.0 | ||
| 010 |
_a5-94371-206-2 _98000 |
||
| 021 |
_aRU _b2003-8295 _9384 |
||
| 035 | _a(NLR Aleph) 000384293 | ||
| 090 |
_a475301 _c475301 |
||
| 100 | _a20030408d2002 |||y0rusy50 ca | ||
| 101 | 0 | _arus | |
| 102 | _aRU | ||
| 105 | _aa ||||||||| | ||
| 200 | 1 |
_aЦелиакия: верните радость жизни _fИ.В. Василькова, А.Д. Прокофьева |
|
| 210 |
_aСПб. _cНев. проспект _d2002 |
||
| 215 |
_a159 с. _cил. _d20 |
||
| 225 | 1 | _aКниги о главном | |
| 225 | 1 | _aСоветует доктор | |
| 300 | _aЗагл. обл.: Целиакия - непереносимость злаков: малоизвестное, но распространенное заболевание | ||
| 512 | 1 | _aЦелиакия - непереносимость злаков: малоизвестное, но распространенное заболевание | |
| 606 | 0 |
_aИнфантилизм кишечный _91224119 _3RU\NLR\auth\66498484 |
|
| 606 | 1 |
_aЦелиакия _91442621 _3RU\NLR\auth\66300138 |
|
| 610 | 0 | _aЦелиакия | |
| 675 |
_a616-008.9-083 _v3 _zrus |
||
| 686 |
_a76.03 _2rugasnti |
||
| 686 |
_a52.5 _2rubbk |
||
| 686 | _aР733.413.302 | ||
| 686 | _aР413.302 | ||
| 700 | 1 |
_aВасилькова _bИ. В. _gИнна Владимировна _4070 |
|
| 701 | 1 |
_aПрокофьева _bА. Д. _gАлена Дмитриевна _4070 |
|
| 801 | 0 |
_aRU _bRKP _c20030408 _gPSBO |
|
| 801 | 1 |
_aRU _bRKP _c20030408 |
|
| 801 | 2 |
_aRU _bNLR _c20121207 _grcr |
|
| 942 | _cBOOK | ||
| 980 | _aNB | ||